[Event "POL-chT 2nd League"]
[Site "Jastrzebia Gora"]
[Date "2024.09.08"]
[Round "9.24"]
[White "Cieslak, Wiktoria"]
[Black "Czarniecka, Aleksandra"]
[Result "1/2-1/2"]
[WhiteElo "1927"]
[BlackElo "1978"]
[PlyCount "36"]
[EventDate "2024.08.31"]
[EventType "team-swiss"]
[EventRounds "9"]
[EventCountry "POL"]
[SourceTitle "EXT 2025"]
[Source "ChessBase"]
[SourceDate "2024.10.14"]
[SourceVersion "1"]
[SourceVersionDate "2024.10.14"]
[SourceQuality "1"]
[WhiteTeam "Grudziadz Rotmistrz"]
[BlackTeam "Kozuchow Odrodzenie"]
[WhiteTeamCountry "POL"]
[BlackTeamCountry "POL"]

1. e4 c5 2. Nf3 d6 3. d4 cxd4 4. Nxd4 Nf6 5. Nc3 Nc6 6. Be3 e6 7. f3 Be7 8. Qd2 0-0 9. 0-0-0 d5 10. Be2 dxe4 11. Nxc6 Qxd2+ 12. Rxd2 bxc6 13. Nxe4 Nxe4 14. fxe4 e5 15. Bc4 Kh8 16. Rf1 f6 17. h3 a5 18. Rfd1 Rb8 1/2-1/2

[Event "POL-chT 2nd League"]
[Site "Jastrzebia Gora"]
[Date "2024.09.04"]
[Round "5.6"]
[White "Szczotka, Klara"]
[Black "Czarniecka, Aleksandra"]
[Result "0-1"]
[WhiteElo "2053"]
[BlackElo "1978"]
[PlyCount "78"]
[EventDate "2024.08.31"]
[EventType "team-swiss"]
[EventRounds "9"]
[EventCountry "POL"]
[SourceTitle "EXT 2025"]
[Source "ChessBase"]
[SourceDate "2024.10.14"]
[SourceVersion "1"]
[SourceVersionDate "2024.10.14"]
[SourceQuality "1"]
[WhiteTeam "Bialystok Stoczek 45"]
[BlackTeam "Kozuchow Odrodzenie"]
[WhiteTeamCountry "POL"]
[BlackTeamCountry "POL"]

1. d4 d5 2. c4 dxc4 3. e4 e5 4. Nf3 Bb4+ 5. Nc3 Nf6 6. Bg5 exd4 7. Nxd4 Qd6 8. Bxf6 Bxc3+ 9. bxc3 Qxf6 10. Bxc4 0-0 11. 0-0 a6 12. a4 c5 13. Ne2 Nc6 14. Rb1 Rb8 15. Rb6 Qe5 16. Qd5 Be6 17. Qxe5 Nxe5 18. Bxe6 fxe6 19. Rxe6 Nc4 20. f3 Kf7 21. Nf4 g5 22. Rh6 Kg7 23. Rh5 gxf4 24. Rxc5 Rbc8 25. Rg5+ Kh6 26. Rd5 Ne3 27. Rd6+ Kg7 28. Rb1 Rf7 29. Rb3 Rc4 30. g3 Rxa4 31. gxf4 Ra2 32. Rd3 Rg2+ 33. Kh1 Re2 34. Kg1 Kh6 35. Rb6+ Kh5 36. Rb1 Rxf4 37. Rxb7 Rxf3 38. Rb1 Rg2+ 39. Kh1 Rh3 0-1

[Event "Wroclaw Anderssen Memorial op"]
[Site "Wroclaw"]
[Date "2024.08.15"]
[Round "4"]
[White "Czarniecka, Aleksandra"]
[Black "Bogenryter, Hubert"]
[Result "1/2-1/2"]
[WhiteElo "1978"]
[BlackElo "1876"]
[PlyCount "89"]
[EventDate "2024.08.15"]
[EventType "swiss (blitz)"]
[EventRounds "9"]
[EventCountry "POL"]
[SourceTitle "CBM 221 Extra"]
[Source "ChessBase"]
[SourceDate "2024.09.30"]
[SourceVersion "1"]
[SourceVersionDate "2024.09.30"]
[SourceQuality "1"]

1. e4 c5 2. Nf3 d6 3. d4 cxd4 4. Nxd4 Nf6 5. Nc3 a6 6. Be2 e5 7. Nb3 Be6 8. Be3 Be7 9. Nd5 Bxd5 10. exd5 Qc7 11. 0-0 Nbd7 12. c4 0-0 13. f3 a5 14. Qd3 a4 15. Nd2 Nc5 16. Qf5 Qd7 17. Qxd7 Nfxd7 18. b4 axb3 19. axb3 f5 20. b4 Na4 21. Ra3 Nab6 22. Rfa1 Rxa3 23. Rxa3 Ra8 24. Rxa8+ Nxa8 25. Nb3 Nc7 26. Na5 b6 27. Nc6 Bf8 28. Bd1 b5 29. cxb5 Nxb5 30. Ba4 Nc3 31. Ne7+ Kf7 32. Bxd7 Kxe7 33. Bc6 Kd8 34. b5 Kc8 35. Kf1 Na4 36. Ke2 Kc7 37. Kd3 Nb6 38. f4 e4+ 39. Kc3 Be7 40. h3 Bf6+ 41. Bd4 Bxd4+ 42. Kxd4 Na4 43. g4 g6 44. b6+ Nxb6 45. gxf5 1/2-1/2

[Event "Wroclaw Anderssen Memorial op"]
[Site "Wroclaw"]
[Date "2024.08.15"]
[Round "8"]
[White "Czarniecka, Aleksandra"]
[Black "Terkiewicz, Bruno"]
[Result "0-1"]
[WhiteElo "1978"]
[BlackElo "2206"]
[PlyCount "62"]
[EventDate "2024.08.15"]
[EventType "swiss (blitz)"]
[EventRounds "9"]
[EventCountry "POL"]
[SourceTitle "CBM 221 Extra"]
[Source "ChessBase"]
[SourceDate "2024.09.30"]
[SourceVersion "1"]
[SourceVersionDate "2024.09.30"]
[SourceQuality "1"]

1. e4 e5 2. Nf3 Nc6 3. Bb5 a6 4. Ba4 d6 5. Bxc6+ bxc6 6. d4 exd4 7. Qxd4 c5 8. Qd3 Bb7 9. Nc3 Nf6 10. Bd2 Be7 11. 0-0-0 0-0 12. h3 Re8 13. g4 Bf8 14. Rde1 a5 15. g5 Nh5 16. Nh4 g6 17. f4 a4 18. a3 Bc6 19. f5 Rb8 20. fxg6 hxg6 21. Nd5 Bg7 22. c3 Qc8 23. Rh2 Qb7 24. Be3 Bxd5 25. exd5 Nf4 26. Qc2 c4 27. Bd2 Nd3+ 28. Kb1 Qxb2+ 29. Qxb2 Rxb2+ 30. Ka1 Rxe1+ 31. Bxe1 Rxh2 0-1

[Event "Wroclaw op-A"]
[Site "Wroclaw"]
[Date "2024.08.13"]
[Round "8"]
[White "Czarniecka, Aleksandra"]
[Black "Kowalczyk, Rafal"]
[Result "0-1"]
[WhiteElo "1978"]
[BlackElo "2183"]
[PlyCount "102"]
[EventDate "2024.08.08"]
[EventType "swiss"]
[EventRounds "9"]
[EventCountry "POL"]
[SourceTitle "EXT 2025"]
[Source "ChessBase"]
[SourceDate "2024.10.14"]
[SourceVersion "1"]
[SourceVersionDate "2024.10.14"]
[SourceQuality "1"]

1. e4 e5 2. d4 exd4 3. Qxd4 Qf6 4. Qe3 Bb4+ 5. c3 Ba5 6. Bc4 Nc6 7. Nf3 d6 8. Nbd2 Nge7 9. h3 h6 10. Nf1 Be6 11. Bb3 0-0-0 12. Ng3 g5 13. Bd2 Rhe8 14. Bxe6+ Qxe6 15. 0-0 Bb6 16. Nd4 Nxd4 17. cxd4 d5 18. exd5 Qxd5 19. Qa3 Ng6 20. Qb3 Bxd4 21. Qxd5 Rxd5 22. Bc3 Bxc3 23. bxc3 Nf4 24. Rfe1 Rde5 25. Rxe5 Rxe5 26. Kf1 h5 27. f3 f5 28. Re1 Rxe1+ 29. Kxe1 Nxg2+ 30. Kf2 Nf4 31. h4 gxh4 32. Nxf5 h3 33. Kg3 Ne2+ 34. Kxh3 Nxc3 35. a3 Nb5 36. a4 Nd6 37. Ng7 c5 38. Nxh5 a6 39. Kg2 Kc7 40. Nf6 Kb6 41. Nd7+ Kc6 42. Nf6 c4 43. Kf2 Kc5 44. Ke3 Kb4 45. Kd4 Kxa4 46. Nd5 b5 47. Kc3 a5 48. f4 b4+ 49. Kd4 Kb3 50. Ke5 Nf7+ 51. Ke6 c3 0-1

[Event "Wroclaw op-A"]
[Site "Wroclaw"]
[Date "2024.08.09"]
[Round "3"]
[White "Hourigan, Gerrit"]
[Black "Czarniecka, Aleksandra"]
[Result "1-0"]
[WhiteElo "2269"]
[BlackElo "1978"]
[PlyCount "71"]
[EventDate "2024.08.08"]
[EventType "swiss"]
[EventRounds "9"]
[EventCountry "POL"]
[SourceTitle "EXT 2025"]
[Source "ChessBase"]
[SourceDate "2024.10.14"]
[SourceVersion "1"]
[SourceVersionDate "2024.10.14"]
[SourceQuality "1"]

1. c4 c5 2. Nf3 Nc6 3. d4 cxd4 4. Nxd4 d5 5. Nc3 Nf6 6. g3 e6 7. Bg2 Bc5 8. Nxc6 bxc6 9. 0-0 0-0 10. Qc2 Be7 11. Rd1 Qc7 12. cxd5 cxd5 13. Bf4 Qc4 14. Rac1 Ba6 15. e4 Rac8 16. Qb1 Qb4 17. exd5 exd5 18. Nxd5 Nxd5 19. Bxd5 Bb7 20. Rxc8 Bxc8 21. Be4 h6 22. a3 Qb6 23. Be3 Bc5 24. Bxc5 Qxc5 25. b4 Qb6 26. Qd3 Bb7 27. Bd5 Bxd5 28. Qxd5 Qa6 29. Rd3 Re8 30. b5 Qe6 31. Kg2 Qe4+ 32. Qxe4 Rxe4 33. Kf3 f5 34. h3 h5 35. Rd5 g6 36. Rd8+ 1-0

[Event "POL-ch Universities (Women)"]
[Site "Lublin"]
[Date "2024.02.23"]
[Round "3"]
[White "Giefert, Sara"]
[Black "Czarniecka, Aleksandra"]
[Result "0-1"]
[WhiteElo "1704"]
[BlackElo "1961"]
[PlyCount "137"]
[EventDate "2024.02.22"]
[EventType "swiss"]
[EventRounds "9"]
[EventCountry "POL"]
[SourceTitle "CBM 219 Extra"]
[Source "ChessBase"]
[SourceDate "2024.05.31"]
[SourceVersion "1"]
[SourceVersionDate "2024.05.31"]
[SourceQuality "1"]

1. d4 d5 2. Bg5 g6 3. e3 Bg7 4. Bd3 Nf6 5. Nd2 0-0 6. f4 c5 7. c3 cxd4 8. exd4 h6 9. Bh4 Qd6 10. Bg3 Nh5 11. Qf3 Nxg3 12. hxg3 Qe6+ 13. Qe2 Qxe2+ 14. Kxe2 Bg4+ 15. Kf2 Nd7 16. Ngf3 h5 17. Rae1 e6 18. Nh2 Nf6 19. Ndf3 Bxf3 20. gxf3 Rfc8 21. g4 Rab8 22. f5 exf5 23. gxf5 g5 24. Nf1 Re8 25. Ne3 Bh6 26. Nc2 Kg7 27. Re5 g4 28. Bb5 Rh8 29. Re7 Bf4 30. fxg4 hxg4 31. Ree1 Ne4+ 32. Kg2 Kf6 33. Nb4 Kxf5 34. Nxd5 Nd2 35. Bd7+ Kg5 36. Rxh8 Rxh8 37. Rh1 Rxh1 38. Kxh1 Bd6 39. Bc8 b6 40. Kg2 Nf3 41. Kf2 Nh4 42. Ne3 g3+ 43. Kf1 Nf3 44. Ng2 Nd2+ 45. Ke2 Nc4 46. b3 Na5 47. Kf3 f5 48. Be6 f4 49. Bd5 b5 50. b4 Nc4 51. Bxc4 bxc4 52. a4 Kf6 53. Nh4 Ke7 54. a5 Kd7 55. Nf5 Bc7 56. Ng7 Kc6 57. Ne8 Bb8 58. Nf6 a6 59. Ne4 Kd5 60. Nc5 g2 61. Kxg2 Kc6 62. Kf3 Kb5 63. Nd7 Bc7 64. Ne5 Ka4 65. Nxc4 Kb3 66. Ne5 Kxc3 67. Ke4 Kxb4 68. Nd3+ Kxa5 69. Ne5 0-1

[Event "POL-chT 2nd League"]
[Site "Jastrzebia Gora"]
[Date "2023.09.08"]
[Round "7.84"]
[White "Czarniecka, Aleksandra"]
[Black "Gluszko, Monika"]
[Result "0-1"]
[WhiteElo "2000"]
[BlackElo "1915"]
[PlyCount "42"]
[EventDate "2023.09.02"]
[EventType "team-swiss"]
[EventRounds "9"]
[EventCountry "POL"]
[SourceTitle "CBM 216 Extra"]
[Source "ChessBase"]
[SourceDate "2023.11.30"]
[SourceVersion "1"]
[SourceVersionDate "2023.11.30"]
[SourceQuality "1"]
[WhiteTeam "Bogatynia UKS SP3"]
[BlackTeam "Warszawa Mogalo"]
[WhiteTeamCountry "POL"]
[BlackTeamCountry "POL"]

1. e4 c5 2. Nf3 Nc6 3. d4 cxd4 4. Nxd4 Nf6 5. Nc3 d6 6. Bg5 e6 7. Qd2 Be7 8. f4 0-0 9. 0-0-0 Nxd4 10. Qxd4 Qa5 11. Kb1 h6 12. Bh4 e5 13. fxe5 dxe5 14. Qf2 Ng4 15. Qe1 Bxh4 16. Qxh4 Be6 17. Nd5 Qc5 18. h3 Rac8 19. Ne7+ Kh7 20. Nxc8 Nf2 21. Rd8 g5 0-1

[Event "Liberec Region-chT 2223"]
[Site "Czech Republic"]
[Date "2022.10.09"]
[Round "1.2"]
[White "Prudek, Jiri"]
[Black "Czarniecka, Aleksandra"]
[Result "0-1"]
[WhiteElo "1993"]
[BlackElo "1993"]
[PlyCount "76"]
[EventDate "2022.10.09"]
[EventType "team-tourn"]
[EventRounds "11"]
[EventCountry "CZE"]
[SourceTitle "EXT 2024"]
[Source "ChessBase"]
[SourceDate "2023.10.10"]
[SourceVersion "1"]
[SourceVersionDate "2023.10.10"]
[SourceQuality "1"]

1. f4 d5 2. g3 c6 3. Bg2 Nf6 4. d3 Qb6 5. e3 Bg4 6. Qd2 h5 7. h3 Bf5 8. Nf3 Nbd7 9. Nc3 e6 10. Na4 Qc7 11. b3 b5 12. Nc3 e5 13. Bb2 Bb4 14. a3 Bd6 15. Ne2 e4 16. Nfd4 Bh7 17. b4 a5 18. Bc3 axb4 19. axb4 Rxa1+ 20. Bxa1 0-0 21. 0-0 Ra8 22. Qc3 Nb8 23. Nb3 exd3 24. cxd3 Qe7 25. Qd4 Bxb4 26. f5 Ra4 27. e4 Nbd7 28. Qb2 dxe4 29. dxe4 Ba3 30. Qc3 Rc4 31. Qa5 Nxe4 32. Qa8+ Qf8 33. Qb7 Ndc5 34. Nxc5 Qxc5+ 35. Kh2 Bxf5 36. Rxf5 Qxf5 37. Qa8+ Bf8 38. Nf4 h4 0-1

[Event "POL-chT 2nd League"]
[Site "Jastrzebia Gora"]
[Date "2022.09.05"]
[Round "3.83"]
[White "Czarniecka, Aleksandra"]
[Black "Mackiewicz, Anna"]
[Result "1-0"]
[WhiteElo "1960"]
[BlackElo "1850"]
[PlyCount "131"]
[EventDate "2022.09.03"]
[EventType "team-swiss"]
[EventRounds "9"]
[EventCountry "POL"]
[SourceTitle "CBM 210 Extra"]
[Source "ChessBase"]
[SourceDate "2022.11.30"]
[SourceVersion "1"]
[SourceVersionDate "2022.11.30"]
[SourceQuality "1"]
[WhiteTeam "Bogatynia UKS SP3"]
[BlackTeam "Torun UMK"]
[WhiteTeamCountry "POL"]
[BlackTeamCountry "POL"]

1. e4 e5 2. Nf3 Nc6 3. Bb5 a6 4. Ba4 Nf6 5. 0-0 b5 6. Bb3 Bc5 7. c3 d6 8. d4 Bb6 9. a4 Bb7 10. Bg5 h6 11. Bxf6 Qxf6 12. Bd5 0-0 13. Qd3 exd4 14. axb5 axb5 15. Rxa8 Bxa8 16. Qxb5 Ne7 17. Bxa8 Rxa8 18. Nxd4 Bxd4 19. cxd4 Qxd4 20. Nc3 Ng6 21. Rd1 Qa7 22. h3 Ne5 23. Qe2 Rb8 24. Nd5 Qc5 25. Rd2 c6 26. Ne7+ Kh7 27. Nf5 d5 28. exd5 Nc4 29. Rc2 cxd5 30. Qg4 Qf8 31. Qd4 g6 32. Qxd5 Nb6 33. Qf3 Rc8 34. Rxc8 Qxc8 35. Nd6 Qc1+ 36. Kh2 Qxb2 37. Qxf7+ Qg7 38. Qe6 Nd7 39. Nf7 Nf8 40. Qc4 Nd7 41. Nd8 Qe7 42. Nc6 Ne5 43. Nxe7 Nxc4 44. Kg3 Kg7 45. Kf4 Kf7 46. Nd5 Nd6 47. h4 h5 48. Nc3 Nf5 49. g3 Nd4 50. Ne4 Ne2+ 51. Ke5 Ng1 52. Ng5+ Kg7 53. Ke6 Ne2 54. Ke7 Nc3 55. Ne6+ Kh6 56. Ng5 Kg7 57. Ke6 Nd1 58. Ne4 Nb2 59. Ke7 Nd3 60. f4 Ne1 61. Ng5 Nc2 62. Ne6+ Kh6 63. Kf7 Ne3 64. Ng5 Nf5 65. Kg8 Nd6 66. Kh8 1-0

[Event "Liberec op 21st"]
[Site "Liberec"]
[Date "2022.02.05"]
[Round "1"]
[White "Bara, Jan"]
[Black "Czarniecka, Aleksandra"]
[Result "1-0"]
[WhiteElo "1360"]
[BlackElo "1931"]
[PlyCount "65"]
[EventDate "2022.02.05"]
[EventType "swiss"]
[EventRounds "9"]
[EventCountry "CZE"]
[SourceTitle "EXT 2023"]
[Source "ChessBase"]
[SourceDate "2022.10.05"]
[SourceVersion "1"]
[SourceVersionDate "2022.10.05"]
[SourceQuality "1"]

1. d4 d5 2. c4 dxc4 3. e4 e5 4. Nf3 Bb4+ 5. Nc3 Nf6 6. Bg5 exd4 7. Nxd4 0-0 8. Bxc4 c5 9. Ndb5 Nbd7 10. 0-0 a6 11. Nd6 Ne5 12. Bb3 h6 13. f4 Ned7 14. e5 hxg5 15. exf6 Nxf6 16. fxg5 Bg4 17. Qd3 c4 18. Qxc4 Qxd6 19. gxf6 Qc5+ 20. Qxc5 Bxc5+ 21. Kh1 Rad8 22. h3 Bd7 23. Nd5 Bb5 24. Ne7+ Kh8 25. Rf5 Be3 26. Rh5+ Bh6 27. Nf5 Kg8 28. fxg7 Bxg7 29. Rg5 Rd2 30. Rxg7+ Kh8 31. Rd1 Rf2 32. Rg5 Rf4 33. Rd6 1-0

[Event "POL-ch U20 Girls"]
[Site "Pokrzywna"]
[Date "2021.12.12"]
[Round "8"]
[White "Bugaj, Hanna"]
[Black "Czarniecka, Aleksandra"]
[Result "1-0"]
[WhiteElo "1721"]
[BlackElo "2031"]
[PlyCount "143"]
[EventDate "2021.12.06"]
[EventType "swiss"]
[EventRounds "9"]
[EventCountry "POL"]
[SourceTitle "CBM 205 Extra"]
[Source "ChessBase"]
[SourceDate "2022.01.31"]
[SourceVersion "1"]
[SourceVersionDate "2022.01.31"]
[SourceQuality "1"]

1. d4 Nf6 2. c4 g6 3. Nc3 Bg7 4. e4 d6 5. Nf3 0-0 6. Be2 Na6 7. 0-0 e5 8. Be3 Ng4 9. Bg5 Qe8 10. h3 h6 11. Bc1 Nf6 12. dxe5 dxe5 13. Be3 c6 14. c5 Nc7 15. Qb3 Qe7 16. Rfd1 Nh5 17. Bc4 Be6 18. Rd6 Ne8 19. Rd2 Bxc4 20. Qxc4 Rd8 21. Rad1 Nc7 22. Rd6 Ne6 23. b4 Nhf4 24. b5 cxb5 25. Qxb5 Ng5 26. Nxg5 Qxg5 27. g3 Rxd6 28. cxd6 Nxh3+ 29. Kg2 Qg4 30. f3 Qc8 31. d7 Qxc3 32. d8Q Rxd8 33. Rxd8+ Kh7 34. Kxh3 Qe1 35. Kg2 Qxe3 36. Qd3 Qg5 37. Qd2 Bf6 38. Qxg5 Bxg5 39. Rd7 Kg7 40. Rxb7 Be3 41. Kf1 h5 42. Ke2 Bb6 43. f4 exf4 44. gxf4 Kf6 45. Kf3 Ke6 46. e5 Bc5 47. Rc7 Bb6 48. Rc6+ Kd7 49. Rf6 Ke7 50. Ke4 h4 51. Kf3 Bg1 52. Kg4 Bf2 53. Rd6 Bg3 54. Ra6 Bf2 55. f5 gxf5+ 56. Kxf5 Bb6 57. Ra3 Bf2 58. Rc3 Bb6 59. Rc6 Kf8 60. Rh6 Bf2 61. Kf6 Kg8 62. Rh5 Bb6 63. Ke7 Be3 64. Ke8 Bf4 65. Rf5 Bg3 66. Rg5+ Kh7 67. Kxf7 Kh6 68. Kf6 Bf2 69. Rg8 Kh7 70. Rg2 Be1 71. e6 h3 72. Rh2 1-0

[Event "POL-ch U20 Girls"]
[Site "Pokrzywna"]
[Date "2021.12.10"]
[Round "6"]
[White "Czarniecka, Aleksandra"]
[Black "Dylag, Emilia"]
[Result "0-1"]
[WhiteElo "2031"]
[BlackElo "1956"]
[PlyCount "96"]
[EventDate "2021.12.06"]
[EventType "swiss"]
[EventRounds "9"]
[EventCountry "POL"]
[SourceTitle "CBM 205 Extra"]
[Source "ChessBase"]
[SourceDate "2022.01.31"]
[SourceVersion "1"]
[SourceVersionDate "2022.01.31"]
[SourceQuality "1"]

1. e4 c5 2. Nf3 d6 3. d4 cxd4 4. Nxd4 Nf6 5. Nc3 a6 6. Be2 e5 7. Nb3 Be7 8. Be3 Be6 9. Nd5 Nxd5 10. exd5 Bd7 11. a4 0-0 12. 0-0 Be8 13. a5 Nd7 14. c4 Rc8 15. Nd2 f5 16. f4 Bf6 17. Ra2 exf4 18. Bxf4 Qe7 19. Nf3 Bh5 20. b4 h6 21. Ne1 Bg6 22. Rc2 Be5 23. Nd3 Bd4+ 24. Kh1 Bh7 25. Re1 Qf6 26. Bh5 Ne5 27. c5 g5 28. Nc1 gxf4 29. Qxd4 Qh4 30. Qd1 f3 31. Bxf3 Qxb4 32. Rf1 f4 33. Rd2 Rxc5 34. Nb3 Rc3 35. Nd4 Nd3 36. Nc2 Qxa5 37. Qe2 Ne5 38. Be4 Bxe4 39. Qxe4 Rc4 40. Rd4 Qa4 41. Qe1 Qxc2 42. Rxc4 Qxc4 43. h3 b5 44. Rf2 b4 45. Qb1 a5 46. Rc2 Qd3 47. Qc1 b3 48. Rc7 f3 0-1

[Event "POL-ch U20 Girls"]
[Site "Pokrzywna"]
[Date "2021.12.09"]
[Round "5"]
[White "Czarniecka, Aleksandra"]
[Black "Marcinczyk, Monika"]
[Result "1/2-1/2"]
[WhiteElo "2031"]
[BlackElo "2020"]
[PlyCount "117"]
[EventDate "2021.12.06"]
[EventType "swiss"]
[EventRounds "9"]
[EventCountry "POL"]
[SourceTitle "CBM 205 Extra"]
[Source "ChessBase"]
[SourceDate "2022.01.31"]
[SourceVersion "1"]
[SourceVersionDate "2022.01.31"]
[SourceQuality "1"]

1. e4 e5 2. Nf3 Nc6 3. Bb5 a6 4. Ba4 Nf6 5. 0-0 b5 6. Bb3 Bc5 7. c3 d6 8. a4 Bb7 9. d4 Bb6 10. Bc2 0-0 11. axb5 axb5 12. Rxa8 Bxa8 13. Na3 exd4 14. cxd4 Nb4 15. Bg5 Nxc2 16. Qxc2 b4 17. Nc4 Bxe4 18. Qxe4 Nxe4 19. Bxd8 Rxd8 20. Nxb6 cxb6 21. Rc1 Kf8 22. Rc4 Ra8 23. h3 Ra4 24. b3 Ra1+ 25. Kh2 Nxf2 26. Rxb4 Ra6 27. Nd2 d5 28. Rb5 Nd3 29. Kg3 Ke7 30. Nb1 Kd6 31. Nc3 Kc6 32. Rxd5 Ra3 33. Rb5 Nc1 34. d5+ Kb7 35. d6 Rxb3 36. Rxb3 Nxb3 37. d7 Kc7 38. Nd5+ Kxd7 39. Nxb6+ Ke6 40. Nc4 Nd4 41. Kf4 Ne2+ 42. Kf3 Nd4+ 43. Kf4 h5 44. Nd2 f6 45. h4 Nf5 46. Nf3 g6 47. g3 Kd5 48. Nd2 Nd4 49. Ke3 Ke5 50. Nc4+ Kf5 51. Kxd4 Kg4 52. Nd2 Kxg3 53. Ne4+ Kxh4 54. Nxf6 Kg3 55. Ke5 h4 56. Ne4+ Kf3 57. Ng5+ Kg4 58. Kf6 Kh5 59. Nh3 1/2-1/2